000
00353pab a2200157 454500
008
180718b2001 xxu||||| |||| 00| 0 eng d
100
_a
Sathe, Vasant
245
_a
Status quo at Ayodhya?
260
_c
2001
300
_a
p.10
362
_a
17 Jan
650
_a
Religion - India
650
_a
Religion
773
_a
Hindustan Times
909
_a
48599
999
_c
48599
_d
48599